| 000 | 01016nam1a22002891 4500 | ||
|---|---|---|---|
| 001 | RU\NLR\A1SV\108780 | ||
| 005 | 20251203171251.9 | ||
| 035 | _a(NLR Aleph) 009790133 | ||
| 090 |
_a10132979 _c10132979 |
||
| 100 | _a20101115d1925 u y0rusy50 ca | ||
| 101 | 0 | _arus | |
| 102 | _aRU | ||
| 200 | 1 |
_aЗаписки по клинической патологии внутренних болезней _fСост. по лекциям проф. А.Н.Рубеля, чит. в Гос. ин-те мед. знаний (ГИМЗ) |
|
| 210 |
_aЛ. _cСтудком ГИМЗ _d1925 |
||
| 215 | _d23 см | ||
| 300 | _aНапеч. в Петрозаводске | ||
| 300 | _aНа правах рукописи | ||
| 620 | _dСанкт-Петербург | ||
| 620 | _dПетрозаводск | ||
| 700 | 1 |
_aРубель _bА. Н. _f1867-1938 _gАркадий Николаевич |
|
| 801 | 0 |
_aRU _bNLR _c20101115 |
|
| 852 |
_aNLR _j22/101 |
||
| 899 | _aРГБ | ||
| 942 | _cBOOK | ||
| 980 | _aNB | ||
| 980 | _aA1SV | ||